Austin City Trivia - Statistics

General Stats
  • This quiz has been taken 148 times
    80 since last reset
  • The average score is 14 of 21
Answer Stats
Clue Answer % Correct
Largest university in Austin University of Texas
93%
Slogan adopted in 2000 Keep Austin {Weird}
89%
Interstate 35 forms a corridor between Austin and this major city to the southwest San Antonio
89%
Major automobile company that moved its headquarters to Austin in 2021 Tesla
88%
Famous film and music festival held during March South by {Southwest}
82%
Only U.S. state capital with a higher population Phoenix
81%
Natural food supermarket chain founded in Austin in 1980 Whole Foods
81%
The sports teams at the above go by this name Texas Longhorns
78%
Before 1839, Austin was a small village with this name (hint: famous European battle) Waterloo
78%
"Father of Texas" who Austin is named for {Stephen} F. Austin
74%
Representative of Austin's congressional district who later became U.S. President Lyndon B. Johnson
68%
During the warmer months, Austin is home to a 1.5 million colony of these animals Bats
62%
Region of Texas that Austin is part of {Hill} Country
62%
Movie with Matthew McConaughey about the last day of high school Dazed and Confused
57%
Music festival at Zilker Park in October Austin {City} {Limits}
55%
Formula One racing circuit located in Austin Circuit of the {Americas}
51%
River in the heart of Austin Colorado River
49%
County that contains most of Austin's city proper Travis
49%
Austin suburb with the headquarters of Dell Round Rock
47%
Major airport of Austin (hint: Swedish-American WWII captain) Austin-{Bergstrom}
34%
Tallest building in Texas, completed in 2026 {Waterline} Tower
5%
No matching quizzes found
Score Distribution
Percent of People with Each Score
Percentile by Number Answered
Your Score History
You have not taken this quiz since the last reset